Human resources / (Record no. 18409)
[ view plain ]
| 000 -LEADER | |
|---|---|
| fixed length control field | 01152nam a22002777a 4500 |
| 008 - FIXED-LENGTH DATA ELEMENTS--GENERAL INFORMATION | |
| fixed length control field | 081114t xxu||||| |||| 00| 0 eng d |
| 010 ## - LCCN (DPL NO) | |
| LC control number | ENG-91614 |
| 020 ## - INTERNATIONAL STANDARD BOOK NUMBER | |
| International Standard Book Number | 9788189975302 |
| Terms of availability | 250.00 |
| 020 ## - INTERNATIONAL STANDARD BOOK NUMBER | |
| International Standard Book Number | 8189975307 |
| 035 ## - SYSTEM CONTROL NUMBER | |
| System control number | EN-75147 |
| 037 ## - SOURCE OF ACQUISITION | |
| Source of stock number/acquisition | DBAD / PUB |
| 040 ## - CATALOGING SOURCE | |
| Original cataloging agency | dpl |
| Language of cataloging | English |
| 082 ## - DEWEY DECIMAL CLASSIFICATION NUMBER | |
| Classification number | 658.3 |
| 100 ## - MAIN ENTRY--PERSONAL NAME | |
| Personal name | Renckly, Richard G. |
| 245 ## - TITLE STATEMENT | |
| Title | Human resources / |
| Statement of responsibility, etc | by Richard G. Renckly |
| 250 ## - EDITION STATEMENT | |
| Edition statement | 2nd ed |
| 260 ## - PUBLICATION, DISTRIBUTION, ETC. (IMPRINT) | |
| Place of publication, distribution, etc | New Delhi |
| Name of publisher, distributor, etc | Westland Books |
| Date of publication, distribution, etc | 2007 |
| 270 ## - ADDRESS | |
| Address | F-5, Okhla Industrial Area, Phase - I, Mezzanine Floor |
| City | New Delhi |
| Postal code | 110002 |
| 300 ## - PHYSICAL DESCRIPTION | |
| Extent | vii, 321p. |
| Dimensions | 19cm (pbk) |
| 490 ## - SERIES STATEMENT | |
| Series statement | Barron's business library |
| 500 ## - GENERAL NOTE | |
| General note | Includes glossary, bibliographical references and index |
| 650 ## - SUBJECT ADDED ENTRY--TOPICAL TERM | |
| Topical term or geographic name as entry element | Personnel management |
| 942 ## - ADDED ENTRY ELEMENTS (KOHA) | |
| Source of classification or shelving scheme | Dewey Decimal Classification |
| Item type | English Books |
| Call number suffix | REN |
| Classification part | 658.3 |
| Withdrawn status | Lost status | Source of classification or shelving scheme | Damaged status | Not for loan | Collection code | Home library | Current library | Date acquired | Source of acquisition | Cost, normal purchase price | Total Checkouts | Full call number | Barcode | Date last seen | Copy number | Cost, replacement price | Koha item type | Total Renewals |
|---|---|---|---|---|---|---|---|---|---|---|---|---|---|---|---|---|---|---|
| Dewey Decimal Classification | Not For Loan | Non-fiction | D.B.Act.Division | D.B.Act.Division | 14/11/2008 | DBAD / PUB | 250.00 | 658.3 REN | EN-75147 | 14/11/2008 | 1 | 250.00 | English Books | |||||
| Dewey Decimal Classification | Non-fiction | Vinoba Puri | Vinoba Puri | 26/02/2009 | 250.00 | 9 | 658.3 REN | B-317469 | 03/07/2024 | 1 | English Books | 4 |
